Statystyki dla TURECKIE TELENOWELE EMITOWANE W POLSCE

Kliknij tutaj aby rozwiązać quiz!

Ogólne statystyki

  • Ten quiz został rozwiązany 34 razy
  • Średni wynik to 1 z 5

Statystyki odpowiedzi

Odpowiedź% Poprawnych
ELIF
92%
WSPANIAŁE STULECIE
38%
CZARNA PERŁA
12%
TYLKO Z TOBĄ
4%
ESMERALDA
0%

Rozkład punktacji

Percentyl według liczby udzielonych odpowiedzi

Procent ludzi z każdym wynikiem

Twoja historia wyników

Nie rozwiązałeś tego quizu